[Event "Chioggia op-B 02nd"]
[Site "Chioggia"]
[Date "2007.05.19"]
[Round "3"]
[White "Ferrarese, Eugenio"]
[Black "Masini, Michele"]
[Result "0-1"]
[WhiteElo "1454"]
[BlackElo "1386"]
[PlyCount "74"]
[EventDate "2007.05.18"]
[EventType "swiss"]
[EventRounds "5"]
[EventCountry "ITA"]
[SourceTitle "EXT 2022"]
[Source "ChessBase"]
[SourceDate "2021.10.06"]
[SourceVersion "1"]
[SourceVersionDate "2021.10.06"]
[SourceQuality "1"]

1. e4 e5 2. Bc4 Nf6 3. d3 h6 4. Nc3 Bc5 5. Nf3 d6 6. d4 exd4 7. Nxd4 0-0 8. 0-0 c6 9. Be3 Re8 10. Bd3 Nbd7 11. Qd2 Ne5 12. f3 Be6 13. Nf5 Bxe3+ 14. Qxe3 Bxf5 15. exf5 Nxd3 16. Qxd3 Qb6+ 17. Kh1 Re5 18. b3 Rae8 19. h3 Qc7 20. Rad1 d5 21. Rf2 Re1+ 22. Rxe1 Rxe1+ 23. Rf1 Rxf1+ 24. Qxf1 Qe5 25. Qd3 Nh5 26. Ne2 a6 27. g4 Ng3+ 28. Nxg3 Qxg3 29. Qf1 b5 30. Qg2 Qe1+ 31. Qg1 Qc3 32. Qd1 d4 33. Kg2 c5 34. Kg3 c4 35. Qe2 Qe3 36. Qf1 d3 37. cxd3 cxd3 0-1

[Event "Chioggia op-B 02nd"]
[Site "Chioggia"]
[Date "2007.05.18"]
[Round "1"]
[White "Ferrarese, Eugenio"]
[Black "Chiesa, Roberto"]
[Result "1/2-1/2"]
[WhiteElo "1454"]
[BlackElo "1663"]
[PlyCount "150"]
[EventDate "2007.05.18"]
[EventType "swiss"]
[EventRounds "5"]
[EventCountry "ITA"]
[SourceTitle "EXT 2022"]
[Source "ChessBase"]
[SourceDate "2021.10.06"]
[SourceVersion "1"]
[SourceVersionDate "2021.10.06"]
[SourceQuality "1"]

1. e4 e6 2. Nf3 d5 3. exd5 exd5 4. d4 Bg4 5. Be2 Nc6 6. c3 Bd6 7. 0-0 Nge7 8. Bg5 f6 9. Be3 Qd7 10. Nh4 Bxe2 11. Qxe2 0-0-0 12. Na3 g5 13. Nf3 Ng6 14. c4 Bf4 15. Qd2 Rde8 16. Ne1 Re7 17. Nd3 Bxe3 18. fxe3 Rhe8 19. Rae1 dxc4 20. Nxc4 Qd5 21. b3 f5 22. Qf2 f4 23. exf4 Rxe1 24. Rxe1 Rxe1+ 25. Qxe1 Qxd4+ 26. Nf2 Nxf4 27. Ne3 Nd3 28. Nxd3 Qxd3 29. Ng4 Qd4+ 30. Nf2 Kd7 31. g3 Ne5 32. Kg2 Qd5+ 33. Qe4 Qxe4+ 34. Nxe4 h6 35. Kf2 b6 36. Ke3 Ng4+ 37. Kd4 Nxh2 38. Nf6+ Ke6 39. Ne8 c5+ 40. Ke4 Ng4 41. Nc7+ Kf7 42. Nb5 a6 43. Nc7 Nf6+ 44. Ke5 a5 45. Nb5 Ke7 46. a4 Nh5 47. g4 Nf6 48. Kf5 Kf7 49. Nd6+ Kg7 50. Nc8 Nd5 51. Ke5 Ne3 52. Nxb6 Nxg4+ 53. Kf5 Ne3+ 54. Ke4 Nc2 55. Nc4 Nd4 56. Nxa5 g4 57. Kf4 h5 58. Kg3 Kf6 59. Kf4 Kg6 60. Kg3 Kg5 61. Kg2 h4 62. Nc4 Nxb3 63. a5 Nd4 64. Nd2 Kf4 65. a6 Nc6 66. Nc4 h3+ 67. Kh2 Kf3 68. Ne5+ Nxe5 69. a7 Kf2 70. a8Q Nf3+ 71. Kh1 g3 72. Qa2+ Kf1 73. Qb1+ Kf2 74. Qc2+ Kf1 75. Qd3+ Kf2 1/2-1/2